Two under the indian sun (Record no. 140430)

MARC details
000 -LEADER
fixed length control field 00550nam a22001817a 4500
005 - DATE AND TIME OF LATEST TRANSACTION
control field 20170525114807.0
010 ## - LCCN (DPL NO)
LC control number ENG-118397
020 ## - INTERNATIONAL STANDARD BOOK NUMBER
International Standard Book Number 9789385755743
Terms of availability 299.00
035 ## - SYSTEM CONTROL NUMBER
System control number EN-101929
037 ## - SOURCE OF ACQUISITION
Source of stock number/acquisition DBAD/PUB
082 ## - DEWEY DECIMAL CLASSIFICATION NUMBER
Classification number 888.91403
100 ## - MAIN ENTRY--PERSONAL NAME
Personal name Jon
245 ## - TITLE STATEMENT
Title Two under the indian sun
Remainder of title A memoir /
Statement of responsibility, etc by Jon and Rumer Godden
260 ## - PUBLICATION, DISTRIBUTION, ETC. (IMPRINT)
Place of publication, distribution, etc New Delhi
Name of publisher, distributor, etc Speaking Tiger Publishing
Date of publication, distribution, etc 2016
270 ## - ADDRESS
Address 4381/4, Ansari Road, Daryaganj, New Delhi-10002, India
300 ## - PHYSICAL DESCRIPTION
Extent 247p
Dimensions 20cm.(pbk)
942 ## - ADDED ENTRY ELEMENTS (KOHA)
Source of classification or shelving scheme Dewey Decimal Classification
Item type English Books
Classification part 888.91403
Call number suffix JON
Holdings
Withdrawn status Lost status Not for loan Collection code Home library Current library Date acquired Source of acquisition Cost, normal purchase price Full call number Barcode Copy number Cost, replacement price Koha item type
      Non-fiction Patel Nagar Patel Nagar 25/05/2017 DBAD/PUB 299.00 888.91403 JON EN-101929 1 299.00 English Books

© Delhi Public Library
Hit Counter
free hit counter